[Event "34th Voivoda Cup 2018"]
[Site "Legnica"]
[Date "2018.11.24"]
[Round "4"]
[White "Simacek, Pavel"]
[Black "Murdzia, Piotr"]
[Result "1/2-1/2"]
[WhiteElo "2503"]
[BlackElo "2411"]
[Annotator "TA"]
[PlyCount "87"]
[EventDate "2018.11.22"]
[EventType "tourn"]
[EventCountry "POL"]
[SourceTitle "playchess.com"]
[Source "ChessBase"]
[SourceQuality "1"]

{[%evp 26,87,6,0,19,14,20,19,28,34,29,17,31,20,22,22,29,0,0,0,0,0,0,1,7,0,0,0,0,0,0,0,0,0,0,0,0,0,0,0,0,0,0,0,0,0,0,0,0,0,0,0,0,0,0,0,0,0,0,0,0,0,0,0]} 1. e4 e5 2. Nf3 Nf6 3. Nc3 Nc6 4. d4 exd4 5. Nxd4 Bb4 6. Nxc6 bxc6 7. Bd3 d5 8. exd5 cxd5 9. O-O O-O 10. h3 {C47: Scotch Four Knights and Four Knights with 4 g3} c6 11. Qf3 Bd6 12. Bf4 Rb8 (12... Be6 13. Rfe1 Bxf4 14. Qxf4 Qb8 15. Qxb8 Raxb8 16. Na4 Nd7 17. b3 c5 {½-½ (35) Nakamura,H (2777)-So,W (2780) Saint Louis 2018}) 13. b3 Be6 14. Rad1 {LiveBook: 5 Games} Rb4 15. Ne2 Bxf4 16. Nxf4 Qd6 $146 ({Predecessor:} 16... Qc7 17. c4 a5 {½-½ (52) Doluhanova,E (2352)-Berend,E (2303) Riadh 2017}) 17. c4 a5 18. Bc2 Re8 19. Rfe1 Rbb8 20. Re2 Rbd8 21. cxd5 Bxd5 {[#] Threatens to win with ...Rxe2.The position is equal.} 22. Nxd5 cxd5 23. Rxe8+ Rxe8 24. Qc3 Qb6 25. Rd4 g6 26. Rf4 Re6 27. Bd3 Ne4 28. Bxe4 dxe4 $11 {[%mdl 4096] Endgame KQR-KQR} 29. Qc8+ Kg7 30. Qd7 Rf6 31. Rxf6 Qxf6 {KQ-KQ} 32. Qd2 Qe5 33. g3 e3 34. Qxe3 Qa1+ 35. Kg2 Qxa2 36. Qd4+ Kg8 37. Qd5 Qa3 38. g4 h6 39. h4 Qb4 40. Kg3 Kg7 41. Qe5+ Kh7 42. Qd5 Kg7 43. Qe5+ Kh7 44. Qd5 {Accuracy: White = 68%, Black = 88%.} 1/2-1/2

[Event "34th Voivoda Cup 2018"]
[Site "Legnica"]
[Date "2018.11.24"]
[Round "4"]
[White "Hirneise, Tobias"]
[Black "Gleizerov, Evgeny"]
[Result "0-1"]
[WhiteElo "2472"]
[BlackElo "2505"]
[Annotator "TA"]
[PlyCount "118"]
[EventDate "2018.11.22"]
[EventType "tourn"]
[EventCountry "POL"]
[SourceTitle "playchess.com"]
[Source "ChessBase"]
[SourceQuality "1"]

{[%evp 15,118,32,29,15,25,25,35,0,2,0,0,-3,0,-4,-8,-10,0,-12,0,-2,-8,-8,-8,-31,-15,-20,0,-98,-92,-91,-95,-93,-66,-96,-90,-79,-26,-34,-35,-41,-24,-91,-81,-80,-79,-107,-90,-118,-96,-103,-96,-104,-106,-147,-39,-39,-39,-38,-18,-25,-25,-26,-26,-35,-18,-49,-37,-49,-50,-49,-49,-316,-191,-191,-191,-191,-191,-191,-187,-147,-43,-66,-66,-66,-52,-191,-52,-52,-52,-52,-52,-52,-52,-52,-52,-52,-52,-29971,-29972,-29972,-29973,-29974,-29975,-29971,-29970]} 1. d4 e6 2. Nf3 f5 3. g3 Nf6 4. Bg2 d5 5. O-O Bd6 6. c4 O-O 7. Nbd2 {[%cal Bb1d2,Bd2c4,Bc4b2,Bb2d3][%mdl 32]} c6 8. Ne5 b6 9. cxd5 {A90: Dutch Defence: Miscellaneous and Modern Stonewall (with ...Bd6)} cxd5 10. Ndc4 Be7 11. b3 {White is slightly better.} Bb7 12. Nb2 $146 ({Predecessor:} 12. Ba3 Bxa3 13. Nxa3 Qe7 14. Nb5 a6 15. Nc3 Nbd7 16. Rc1 Rfc8 {0-1 (66) Gajewski,G (2555)-Sudakova,I (2350) Warsaw 2010}) 12... Nc6 13. Nxc6 Bxc6 14. Nd3 Bb5 15. Bb2 Bd6 16. Rc1 Qe7 17. a4 Ba6 18. Qd2 Rac8 19. f3 Bxd3 20. Qxd3 Ba3 21. Qa6 (21. Bxa3 $11 Qxa3 22. Qe3) 21... Rxc1 $17 22. Bxc1 Bxc1 23. Rxc1 Qa3 24. Rf1 Qxb3 25. Qxa7 Qe3+ (25... h6 $17) 26. Kh1 $11 Qxe2 27. Qxb6 Rc8 28. Qd6 (28. Qb5 $11 Qxb5 29. axb5) 28... Rc2 $36 {[%csl Gc2][%cal Re2g2][%mdl 2048] Black is really pushing.} 29. Rg1 Ra2 30. a5 h6 {[%cal Bh7h6,Bh6h5][%mdl 32]} 31. Qb4 Kf7 32. Qb7+ Kg6 33. Qb1 h5 $1 34. Qb4 Kh7 (34... Qa6 $1 $17 35. Re1 Qxa5 36. Qxa5 Rxa5) 35. Qe1 $15 Qxe1 36. Rxe1 Rxa5 {[%mdl 4096] Endgame KRB-KRN} 37. Bf1 Ra4 38. Rxe6 Rxd4 39. Bh3 f4 40. Bf5+ Kh6 41. Kg2 Rd2+ 42. Kh3 Rf2 43. Re5 $2 {[%mdl 8192]} ({Better is} 43. Rb6 $15) 43... Rxf3 {Strongly threatening ...Rc3.} 44. Kg2 Re3 45. gxf4 Rxe5 $1 46. fxe5 $19 {KB-KN} Ng4 47. Be6 ({Avoid the trap} 47. Bxg4 $2 hxg4 48. Kg3 Kg5 $19) 47... Kg5 ({Black should try} 47... d4 $1 $17 48. Kf3 Nxh2+ 49. Ke4 d3 $1 {[%mdl 576] Deflection} 50. Kxd3 Nf3) 48. h3 Nxe5 49. Bxd5 h4 50. Kf2 {[#]} (50. Be6 $15) 50... Kf4 ({Black should play} 50... Nd3+ $1 $19 51. Kf3 Nf4 {[%mdl 64] Double Attack}) 51. Bg8 $1 $15 Nd3+ 52. Ke2 Nc5 53. Kf2 $1 Ne4+ 54. Kg2 $1 Ke3 {Threatens to win with ...Nc5.} 55. Bf7 Nc3 56. Bc4 $2 {[%mdl 8192]} (56. Be6 $15) 56... Ne2 {Black mates.} 57. Bb5 Nf4+ 58. Kh2 Kf2 59. Bc4 Ng6 {Accuracy: White = 39%, Black = 58%.} 0-1

[Event "34th Voivoda Cup 2018"]
[Site "Legnica"]
[Date "2018.11.24"]
[Round "4"]
[White "Sieciechowicz, Marcin"]
[Black "Wieczorek, Oskar"]
[Result "1/2-1/2"]
[WhiteElo "2432"]
[BlackElo "2468"]
[Annotator "TA"]
[PlyCount "86"]
[EventDate "2018.11.22"]
[EventType "tourn"]
[EventCountry "POL"]
[SourceTitle "playchess.com"]
[Source "ChessBase"]
[SourceQuality "1"]

{[%evp 16,86,-105,-82,-44,-39,-50,-80,-81,-87,-75,-84,-79,-71,-74,-58,-37,-59,-45,-154,-154,-133,-109,-144,-137,-121,-127,-197,-166,-350,-348,-388,-340,-353,-327,-342,-320,-277,-183,-241,-246,-222,-127,-153,-102,-568,-75,-59,0,0,47,43,63,24,141,112,210,93,145,145,122,142,129,0,0,0,0,0,0,0,0,0,0]} 1. d4 Nf6 2. Nf3 c5 3. c3 d5 4. Bg5 Ne4 5. Bh4 Qb6 6. Qb3 {D03: 1 d4 d5 2 Nf3 Nf6 3 Bg5, including Torre Attack with early ...d5} Nc6 7. e3 c4 8. Qc2 Bf5 9. Qc1 {[#] LiveBook: 3 Games} e5 $146 {[%mdl 512]} ({Predecessor:} 9... e6 10. Nbd2 Bd6 11. Be2 O-O 12. Nxe4 Bxe4 13. Nd2 {½-½ (63) Miroshnichenko,E (2646)-Shomoev,A (2551) Dresden 2007}) 10. dxe5 Nc5 11. Nbd2 Nd3+ 12. Bxd3 Bxd3 13. Bg3 Bc5 {[%mdl 1024] Black has strong compensation.} 14. Nd4 O-O 15. N2f3 a5 16. a4 Rae8 17. Qd2 (17. Nb5 $1 $15) 17... f6 $17 18. e6 Nd8 19. Ne2 {Black should prevent Nf4.} Nxe6 20. O-O Ng5 $1 {[%cal Rg5e4]} 21. Nxg5 (21. Rfe1 $17) 21... fxg5 $19 22. Kh1 $2 (22. Rfe1) 22... h5 {[%cal Bh7h5,Bh5h4][%mdl 32]} 23. h4 gxh4 24. Bxh4 Qg6 25. Bg3 {[#] intending Nf4.} h4 $1 {[%mdl 512]} 26. Nf4 (26. Bxh4 Qh5) 26... Qg5 27. Bh2 (27. Nh3 {might work better.} Qd8 28. Bf4) 27... Bxf1 28. Rxf1 Rf5 (28... Qf5 $1 $19 29. Rd1 Rd8) 29. Rd1 Bd6 (29... Ba7 $142 30. b3 Qe7 31. bxc4 dxc4) 30. Nxd5 $2 {[%mdl 8192]} (30. Nh3 $17 {was the crucial defense.} Qf6 31. Bxd6 Qxd6 32. Qd4) 30... Bxh2 $2 (30... h3 $1 $19 {[%csl Gh3][%cal Rg5g2] has better winning chances.} 31. f4 Qh5) 31. Kxh2 $17 Ref8 (31... Qd8 $15 32. f3 Qg5) 32. Nf4 $11 {Threatens to win with Ne6.} Qf6 33. Qe2 Qf7 34. Rd4 g5 (34... b5 $11 {keeps the balance.}) 35. Qg4 {Hoping for Rd6.} Qg7 (35... Qf6 $16) 36. Nh3 (36. Rd6 $1 $18 {[%cal Rd6g6] and the rest is easy.} Qe5 37. Rg6+ Kf7 38. Rb6) 36... Qe5+ {[#]} (36... Rc5 $142) 37. Kg1 $1 $16 Rxf2 38. Nxf2 Qxe3 {[#]} 39. Re4 (39. Rd5 $1 $16 {[%cal Rd5g5]} Qxf2+ 40. Kh2 Qf4+ 41. Qxf4 gxf4 42. Rxa5) 39... Qxf2+ $11 {The position is equal.} 40. Kh2 Qf6 41. Rxc4 Qe5+ 42. Kh3 Qe3+ 43. Kh2 {White wants to play Re4.} Qe5+ {Precision: White = 40%, Black = 45%.} 1/2-1/2

[Event "34th Voivoda Cup 2018"]
[Site "Legnica"]
[Date "2018.11.25"]
[Round "5"]
[White "Gleizerov, Evgeny"]
[Black "Sieciechowicz, Marcin"]
[Result "1-0"]
[WhiteElo "2505"]
[BlackElo "2432"]
[Annotator "ChessBase"]
[PlyCount "93"]
[EventDate "2018.11.22"]
[EventType "tourn"]
[EventCountry "POL"]
[SourceTitle "playchess.com"]
[Source "ChessBase"]
[SourceQuality "1"]
[TimeControl "40/5400+30:900+30"]

1. d4 {[%emt 0:00:00]} Nf6 {[%emt 0:00:00]} 2. c4 {[%emt 0:00:00]} g6 {[%emt 0:00:00]} 3. Nc3 {[%emt 0:00:00]} d5 {[%emt 0:00:00]} 4. e3 {[%emt 0:00:00]} Bg7 {[%emt 0:00:42]} 5. cxd5 {[%emt 0:00:04]} Nxd5 {[%emt 0:00:08]} 6. Nxd5 {[%emt 0:00:03]} Qxd5 {[%emt 0:00:08]} 7. Ne2 {[%emt 0:00:02]} O-O {[%emt 0:02:24]} 8. Nc3 {[%emt 0:00:41]} Qd8 {[%emt 0:04:18]} 9. Be2 {[%emt 0:00:14]} e5 {[%emt 0:04:36]} 10. d5 {[%emt 0:00:47]} c6 {[%emt 0:01:48]} 11. e4 {[%emt 0:01:46]} cxd5 {[%emt 0:04:25]} 12. exd5 {[%emt 0:00:49]} b6 {[%emt 0:06:56]} 13. O-O {[%emt 0:02:05]} Ba6 {[%emt 0:04:39]} 14. Be3 {[%emt 0:03:22]} Bxe2 {[%emt 0:01:37]} 15. Qxe2 {[%emt 0:00:09]} Nd7 {[%emt 0:03:15]} 16. a4 {[%emt 0:10:36]} Nf6 {[%emt 0:08:28]} 17. Rfd1 {[%emt 0:01:27]} Qd7 {[%emt 0:01:03]} 18. a5 {[%emt 0:02:30]} bxa5 {[%emt 0:01:35]} 19. Rxa5 {[%emt 0:00:11]} Rfb8 {[%emt 0:09:17]} 20. d6 {[%emt 0:03:41]} Re8 {[%emt 0:13:39]} 21. Nb5 {[%emt 0:06:33]} Red8 {[%emt 0:04:18]} 22. Nc7 {[%emt 0:09:50]} Rab8 {[%emt 0:00:07]} 23. Rxa7 {[%emt 0:02:21]} Qc6 {[%emt 0:00:09]} 24. Ra6 {[%emt 0:02:21]} Qe4 {[%emt 0:01:45]} 25. h3 {[%emt 0:09:42]} Rd7 {[%emt 0:00:21]} 26. Qd2 {[%emt 0:06:30]} Bf8 {[%emt 0:08:03]} 27. Bc5 {[%emt 0:19:00]} Qc4 {[%emt 0:03:57]} 28. Rc1 {[%emt 0:01:43]} Qb3 {[%emt 0:01:37]} 29. Ba3 {[%emt 0:04:14]} Ne4 {[%emt 0:01:55]} 30. Qd5 {[%emt 0:04:42]} Qxd5 {[%emt 0:08:41]} 31. Nxd5 {[%emt 0:00:02]} Bxd6 {[%emt 0:00:21]} 32. Nf6+ {[%emt 0:02:51]} Nxf6 {[%emt 0:00:01]} 33. Bxd6 {[%emt 0:00:05]} Re8 {[%emt 0:01:11]} 34. b4 {[%emt 0:00:38]} Ne4 {[%emt 0:01:43]} 35. Bc7 {[%emt 0:00:17]} Rc8 {[%emt 0:03:22]} 36. Rac6 {[%emt 0:00:06]} Nd2 {[%emt 0:00:22]} 37. Bxe5 {[%emt 0:00:46]} Rxc6 {[%emt 0:00:32]} 38. Rxc6 {[%emt 0:00:02]} f6 {[%emt 0:00:19]} 39. Bxf6 {[%emt 0:02:35]} Ne4 {[%emt 0:01:08]} 40. f3 {[%emt 0:00:00]} Rd1+ {[%emt 0:00:00]} 41. Kh2 {[%emt 0:01:04]} Nd2 {[%emt 0:03:50]} 42. Kg3 {[%emt 0:04:34]} Kf7 {[%emt 0:01:08]} 43. Bc3 {[%emt 0:01:14]} Nb3 {[%emt 0:00:50]} 44. Rc7+ {[%emt 0:00:16]} Ke6 {[%emt 0:00:07]} 45. Rxh7 {[%emt 0:00:06]} Rd3 {[%emt 0:00:06]} 46. Bh8 {[%emt 0:00:56]} Nd2 {[%emt 0:01:58]} 47. Rg7 {[%emt 0:01:03]} 1-0

[Event "34th Voivoda Cup 2018"]
[Site "Legnica"]
[Date "2018.11.25"]
[Round "5"]
[White "Wieczorek, Oskar"]
[Black "Nasuta, Grzegorz"]
[Result "1/2-1/2"]
[WhiteElo "2468"]
[BlackElo "2520"]
[Annotator "RC"]
[PlyCount "149"]
[EventDate "2018.11.22"]
[EventType "tourn"]
[EventCountry "POL"]
[SourceTitle "playchess.com"]
[Source "ChessBase"]
[SourceQuality "1"]
[TimeControl "40/5400+30:900+30"]

1. d4 {[%emt 0:00:15]} d5 {[%emt 0:00:00]} 2. c4 {[%emt 0:00:34]} c6 {[%emt 0:00:02]} 3. Nf3 {[%emt 0:00:39]} Nf6 {[%emt 0:00:06]} 4. Nc3 {[%emt 0:00:39]} dxc4 {[%emt 0:01:33]} 5. a4 {[%emt 0:02:58]} Bf5 {[%emt 0:00:14]} 6. Ne5 {[%emt 0:01:05]} Nbd7 {[%emt 0:00:19]} 7. Nxc4 {[%emt 0:00:53]} Nb6 {[%emt 0:00:13]} 8. Ne5 {[%emt 0:02:25]} a5 {[%emt 0:00:18]} 9. f3 {[%emt 0:04:26]} Nfd7 {[%emt 0:00:41]} 10. e4 {[%emt 0:00:58]} Nxe5 {[%emt 0:00:46]} 11. dxe5 {[%emt 0:20:30]} Qxd1+ {[%emt 0:00:17]} 12. Nxd1 {[%emt 0:01:50]} Be6 {[%emt 0:00:10]} 13. Be3 {[%emt 0:06:33]} Nc4 {[%emt 0:05:00]} 14. f4 {[%emt 0:10:10]} O-O-O {[%emt 0:29:15]} 15. Bxc4 {[%emt 0:21:38]} Bxc4 {[%emt 0:00:07]} 16. Bb6 {[%emt 0:00:04]} Rd7 {[%emt 0:17:45]} 17. Ne3 {[%emt 0:02:25]} Bd3 {[%emt 0:01:32]} 18. e6 {[%emt 0:13:05]} fxe6 {[%emt 0:00:53]} 19. Bxa5 {[%emt 0:00:06]} g5 {[%emt 0:11:04]} 20. fxg5 {[%emt 0:03:39]} Bg7 {[%emt 0:00:32]} 21. O-O-O {[%emt 0:01:37]} Rf8 {[%emt 0:05:30]} 22. Bc3 {[%emt 0:00:39]} Bxc3 {[%emt 0:00:37]} 23. bxc3 {[%emt 0:00:01]} Rf4 {[%emt 0:02:19]} 24. h4 {[%emt 0:00:20]} Rxe4 {[%emt 0:02:18]} 25. Rh3 {[%emt 0:00:05]} Rxa4 {[%emt 0:00:32]} 26. Kb2 {[%emt 0:00:26]} Bf5 {[%emt 0:06:00]} 27. Rxd7 {[%emt 0:01:45]} Kxd7 {[%emt 0:00:01]} 28. Rh2 {[%emt 0:03:15]} Re4 {[%emt 0:06:52]} 29. Nxf5 {[%emt 0:00:19]} exf5 {[%emt 0:00:01]} 30. h5 {[%emt 0:00:07]} Ra4 {[%emt 0:00:17]} 31. g3 {[%emt 0:01:10]} Ra8 {[%emt 0:01:00]} 32. Rf2 {[%emt 0:00:31]} e6 {[%emt 0:08:42]} 33. g4 {[%emt 0:00:08]} fxg4 {[%emt 0:00:26]} 34. Rf4 {[%emt 0:00:19]} Rg8 {[%emt 0:00:28]} 35. Rxg4 {[%emt 0:00:15]} e5 {[%emt 0:00:08]} 36. g6 {[%emt 0:01:26]} hxg6 {[%emt 0:00:13]} 37. hxg6 {[%emt 0:00:37]} Ke6 {[%emt 0:00:29]} 38. Kc2 {[%emt 0:00:34]} Kf5 {[%emt 0:00:43]} 39. Rb4 {[%emt 0:00:13]} b5 {[%emt 0:00:04]} 40. c4 {[%emt 0:00:00]} bxc4 {[%emt 0:00:00]} 41. Rxc4 {[%emt 0:00:32]} Rxg6 {[%emt 0:00:11]} 42. Kd3 {[%emt 0:00:06]} Rh6 {[%emt 0:07:44]} 43. Ke3 {[%emt 0:00:48]} Rd6 {[%emt 0:00:05]} 44. Rc1 {[%emt 0:07:27]} Ke6 {[%emt 0:00:31]} 45. Rc5 {[%emt 0:00:39]} Kf5 {[%emt 0:01:00]} 46. Kf3 {[%emt 0:04:29]} Re6 {[%emt 0:06:30]} 47. Ke3 {[%emt 0:00:19]} Rg6 {[%emt 0:00:01]} 48. Rc1 {[%emt 0:04:04]} Rh6 {[%emt 0:00:01]} 49. Rc5 {[%emt 0:00:31]} Rf6 {[%emt 0:00:01]} 50. Rc1 {[%emt 0:00:43]} Rd6 {[%emt 0:01:22]} 51. Rc4 {[%emt 0:00:11]} Kf6 {[%emt 0:01:11]} 52. Rc1 {[%emt 0:01:18]} Ke7 {[%emt 0:01:27]} 53. Ke4 {[%emt 0:00:42]} Re6 {[%emt 0:01:47]} 54. Rd1 {[%emt 0:00:12]} Ke8 {[%emt 0:01:46]} 55. Rd2 {[%emt 0:00:22]} Ke7 {[%emt 0:00:07]} 56. Rd1 {[%emt 0:00:02]} Rd6 {[%emt 0:00:03]} 57. Rc1 {[%emt 0:00:09]} Kd7 {[%emt 0:00:26]} 58. Kxe5 {[%emt 0:00:06]} Kc7 {[%emt 0:00:01]} 59. Ke4 {[%emt 0:01:30]} Kb6 {[%emt 0:00:00]} 60. Rb1+ {[%emt 0:01:03]} Kc5 {[%emt 0:00:05]} 61. Rc1+ {[%emt 0:00:27]} Kb4 {[%emt 0:00:10]} 62. Rb1+ {[%emt 0:00:46]} Kc3 {[%emt 0:01:59]} 63. Rc1+ {[%emt 0:00:07]} Kb2 {[%emt 0:00:49]} 64. Rc5 {[%emt 0:00:25]} Kb3 {[%emt 0:00:01]} 65. Rc1 {[%emt 0:01:05]} Kb4 {[%emt 0:00:58]} 66. Rb1+ {[%emt 0:00:05]} Kc5 {[%emt 0:00:03]} 67. Rc1+ {[%emt 0:00:02]} Kb6 {[%emt 0:00:02]} 68. Rb1+ {[%emt 0:00:05]} Kc7 {[%emt 0:00:03]} 69. Rb3 {[%emt 0:01:40]} Rh6 {[%emt 0:02:26]} 70. Kd4 {[%emt 0:00:15]} Kd6 {[%emt 0:00:07]} 71. Rg3 {[%emt 0:00:07]} Rh4+ {[%emt 0:00:08]} 72. Kc3 {[%emt 0:00:04]} Kc5 {[%emt 0:00:09]} 73. Rg5+ {[%emt 0:00:05]} Kb6 {[%emt 0:00:07]} 74. Rf5 {[%emt 0:00:30]} c5 {[%emt 0:00:03]} 75. Rf8 {[%emt 0:00:30]} 1/2-1/2

[Event "34th Voivoda Cup 2018"]
[Site "Legnica"]
[Date "2018.11.25"]
[Round "5"]
[White "Lewtak, Damian"]
[Black "Simacek, Pavel"]
[Result "1/2-1/2"]
[WhiteElo "2411"]
[BlackElo "2503"]
[Annotator "ChessBase"]
[PlyCount "80"]
[EventDate "2018.11.22"]
[EventType "tourn"]
[EventCountry "POL"]
[SourceTitle "playchess.com"]
[Source "ChessBase"]
[SourceQuality "1"]
[TimeControl "40/5400+30:900+30"]

1. d4 {[%emt 0:00:00]} Nf6 {[%emt 0:00:00]} 2. c3 {[%emt 0:00:00]} g6 {[%emt 0:01:42]} 3. Bf4 {[%emt 0:00:00]} Bg7 {[%emt 0:00:09]} 4. h3 {[%emt 0:00:05]} O-O {[%emt 0:01:51]} 5. Bh2 {[%emt 0:00:13]} b6 {[%emt 0:04:18]} 6. Nd2 {[%emt 0:00:39]} Bb7 {[%emt 0:00:05]} 7. Ngf3 {[%emt 0:00:07]} d6 {[%emt 0:00:14]} 8. Qc2 {[%emt 0:03:01]} Nbd7 {[%emt 0:00:59]} 9. e4 {[%emt 0:00:32]} e5 {[%emt 0:01:11]} 10. Bd3 {[%emt 0:02:47]} Nh5 {[%emt 0:14:42]} 11. O-O {[%emt 0:01:28]} Nf4 {[%emt 0:02:54]} 12. Bxf4 {[%emt 0:00:07]} exf4 {[%emt 0:00:03]} 13. Rfe1 {[%emt 0:00:06]} Re8 {[%emt 0:01:15]} 14. Rad1 {[%emt 0:00:59]} h5 {[%emt 0:08:24]} 15. Bc4 {[%emt 0:04:00]} Nf8 {[%emt 0:03:21]} 16. Nf1 {[%emt 0:11:48]} Qe7 {[%emt 0:10:20]} 17. Qd2 {[%emt 0:06:26]} Bh6 {[%emt 0:00:18]} 18. Bd5 {[%emt 0:00:19]} Bxd5 {[%emt 0:11:30]} 19. exd5 {[%emt 0:00:06]} Qd7 {[%emt 0:00:03]} 20. Qc2 {[%emt 0:02:52]} g5 {[%emt 0:03:42]} 21. Rxe8 {[%emt 0:03:27]} Rxe8 {[%emt 0:01:33]} 22. Re1 {[%emt 0:00:04]} Rxe1 {[%emt 0:03:52]} 23. Nxe1 {[%emt 0:00:06]} Qb5 {[%emt 0:00:26]} 24. c4 {[%emt 0:08:45]} Qa5 {[%emt 0:00:07]} 25. Qd1 {[%emt 0:00:07]} Qxa2 {[%emt 0:10:18]} 26. Qxh5 {[%emt 0:02:10]} Bg7 {[%emt 0:00:04]} 27. Qxg5 {[%emt 0:08:17]} Qxc4 {[%emt 0:03:30]} 28. Nf3 {[%emt 0:01:07]} a5 {[%emt 0:01:11]} 29. h4 {[%emt 0:00:29]} Nh7 {[%emt 0:00:41]} 30. Qd8+ {[%emt 0:00:32]} Nf8 {[%emt 0:00:18]} 31. Qg5 {[%emt 0:01:12]} Nh7 {[%emt 0:05:03]} 32. Qxf4 {[%emt 0:03:08]} Nf6 {[%emt 0:01:33]} 33. Ne3 {[%emt 0:00:37]} Nxd5 {[%emt 0:00:13]} 34. Qe4 {[%emt 0:06:26]} Nxe3 {[%emt 0:01:57]} 35. fxe3 {[%emt 0:00:10]} Kf8 {[%emt 0:04:13]} 36. Ng5 {[%emt 0:03:58]} Bh6 {[%emt 0:01:09]} 37. Qf5 {[%emt 0:02:03]} a4 {[%emt 0:02:11]} 38. Kh2 {[%emt 0:00:11]} b5 {[%emt 0:00:52]} 39. Qf6 {[%emt 0:00:05]} Bxg5 {[%emt 0:00:06]} 40. Qxg5 {[%emt 0:00:00]} b4 1/2-1/2

[Event "34th Voivoda Cup 2018"]
[Site "Legnica"]
[Date "2018.11.25"]
[Round "5"]
[White "Murdzia, Piotr"]
[Black "Hirneise, Tobias"]
[Result "1/2-1/2"]
[WhiteElo "2411"]
[BlackElo "2472"]
[Annotator "ChessBase"]
[PlyCount "126"]
[EventDate "2018.11.22"]
[EventType "tourn"]
[EventCountry "POL"]
[SourceTitle "playchess.com"]
[Source "ChessBase"]
[SourceQuality "1"]
[TimeControl "40/5400+30:900+30"]

1. d4 {[%emt 0:00:00]} Nf6 {[%emt 0:00:00]} 2. c4 {[%emt 0:00:00]} e6 {[%emt 0:00:00]} 3. Nf3 {[%emt 0:00:00]} b6 {[%emt 0:00:00]} 4. g3 {[%emt 0:00:40]} Bb7 {[%emt 0:01:13]} 5. Bg2 {[%emt 0:00:07]} Bb4+ {[%emt 0:00:18]} 6. Bd2 {[%emt 0:02:19]} a5 {[%emt 0:00:06]} 7. O-O {[%emt 0:00:42]} O-O {[%emt 0:00:05]} 8. Nc3 {[%emt 0:01:50]} Ne4 {[%emt 0:01:29]} 9. Rc1 {[%emt 0:03:56]} Bxc3 {[%emt 0:08:11]} 10. Bxc3 {[%emt 0:00:08]} Nxc3 {[%emt 0:00:40]} 11. Rxc3 {[%emt 0:00:07]} Be4 {[%emt 0:00:20]} 12. Qd2 {[%emt 0:02:11]} Qc8 {[%emt 0:01:28]} 13. Re3 {[%emt 0:04:15]} d5 {[%emt 0:02:49]} 14. Rc1 {[%emt 0:01:20]} Nd7 {[%emt 0:01:48]} 15. Bh3 {[%emt 0:13:47]} h6 {[%emt 0:09:22]} 16. Rec3 {[%emt 0:27:16]} c5 {[%emt 0:09:19]} 17. cxd5 {[%emt 0:02:10]} Bxd5 {[%emt 0:00:20]} 18. dxc5 {[%emt 0:01:19]} bxc5 {[%emt 0:00:42]} 19. Ne1 {[%emt 0:09:42]} Qb7 {[%emt 0:04:40]} 20. Nd3 {[%emt 0:00:34]} Rfd8 {[%emt 0:12:31]} 21. Nxc5 {[%emt 0:08:01]} Nxc5 {[%emt 0:00:07]} 22. Rxc5 {[%emt 0:00:04]} Bxa2 {[%emt 0:07:21]} 23. Qc3 {[%emt 0:01:31]} Qb3 {[%emt 0:02:13]} 24. Qxb3 {[%emt 0:01:23]} Bxb3 {[%emt 0:00:02]} 25. Bg2 {[%emt 0:00:17]} Ra6 {[%emt 0:01:43]} 26. Be4 {[%emt 0:01:23]} a4 {[%emt 0:02:09]} 27. Bd3 {[%emt 0:00:48]} Rad6 {[%emt 0:01:00]} 28. Rc8 {[%emt 0:01:56]} g5 {[%emt 0:00:17]} 29. f4 {[%emt 0:01:00]} Kg7 {[%emt 0:00:26]} 30. Rxd8 {[%emt 0:01:07]} Rxd8 {[%emt 0:01:18]} 31. Kf2 {[%emt 0:00:12]} gxf4 {[%emt 0:01:18]} 32. gxf4 {[%emt 0:00:06]} Rd4 {[%emt 0:00:04]} 33. Ke3 {[%emt 0:00:20]} Rb4 {[%emt 0:00:04]} 34. Rc5 {[%emt 0:01:30]} Rb8 {[%emt 0:02:53]} 35. Ra5 {[%emt 0:01:19]} Rc8 {[%emt 0:01:03]} 36. Kd2 {[%emt 0:00:58]} f5 {[%emt 0:00:56]} 37. Rb5 {[%emt 0:02:05]} Kf6 {[%emt 0:03:21]} 38. e4 {[%emt 0:01:22]} fxe4 {[%emt 0:00:39]} 39. Bxe4 {[%emt 0:00:11]} Rd8+ {[%emt 0:01:00]} 40. Ke3 {[%emt 0:00:00]} Rd1 {[%emt 0:00:00]} 41. Rh5 {[%emt 0:01:11]} Kg7 {[%emt 0:02:16]} 42. Rh3 {[%emt 0:00:34]} Re1+ {[%emt 0:02:59]} 43. Kd4 {[%emt 0:14:21]} Re2 {[%emt 0:00:27]} 44. Rc3 {[%emt 0:00:14]} Kf6 {[%emt 0:03:48]} 45. Rh3 {[%emt 0:00:35]} Rxb2 {[%emt 0:03:59]} 46. Rxh6+ {[%emt 0:00:14]} Ke7 {[%emt 0:00:33]} 47. Rh7+ {[%emt 0:07:06]} Kd6 {[%emt 0:00:20]} 48. Ra7 {[%emt 0:00:14]} Rxh2 {[%emt 0:01:14]} 49. Ra6+ {[%emt 0:00:24]} Kc7 {[%emt 0:01:06]} 50. Kc5 {[%emt 0:05:51]} Rd2 {[%emt 0:03:55]} 51. Ra7+ {[%emt 0:00:27]} Kd8 {[%emt 0:01:37]} 52. Bc6 {[%emt 0:00:08]} Rc2+ {[%emt 0:05:04]} 53. Kd6 {[%emt 0:00:08]} Rd2+ {[%emt 0:00:14]} 54. Kc5 {[%emt 0:00:04]} Bd1 {[%emt 0:04:37]} 55. Bxa4 {[%emt 0:00:42]} Rd5+ {[%emt 0:02:07]} 56. Kc4 {[%emt 0:00:32]} Bxa4 {[%emt 0:01:08]} 57. Rxa4 {[%emt 0:00:04]} Ke7 {[%emt 0:00:04]} 58. Kc3 {[%emt 0:00:28]} Kf6 {[%emt 0:00:06]} 59. Rd4 {[%emt 0:00:07]} Ra5 {[%emt 0:00:49]} 60. Kd3 {[%emt 0:00:22]} Kf5 {[%emt 0:00:44]} 61. Rb4 {[%emt 0:00:12]} Ra3+ {[%emt 0:00:40]} 62. Ke2 {[%emt 0:00:06]} Ra2+ {[%emt 0:00:23]} 63. Ke3 {[%emt 0:00:09]} Ra3+ {[%emt 0:00:04]} 1/2-1/2